Subdivisions administratives par Pays (Click quiz) - Statistiques

Statistiques générales
  • Ce quiz a été pris 66 fois
  • Le résultat moyen est 25 sur 50
Statistiques - réponses
Hint Réponse % Correct
Kaliningrad Russie
86%
Vermont Etats-Unis
80%
Bretagne France
80%
Colombie-Britannique Canada
77%
Flandre Belgique
75%
Pouilles Italie
75%
Irlande du Nord Royaume-Uni
75%
Péloponnèse Grèce
73%
Bali Indonésie
73%
Donetsk Ukraine
73%
Basse-Californie Mexique
70%
Sichuan Chine
68%
Sinaï Nord Egypte
68%
Tyrol Autriche
66%
Algarve Portugal
66%
Jutland du Nord Danemark
64%
Höfuðborgarsvæðið Islande
64%
Bohême-Centrale République Tchèque
64%
Nouvelle-Galles du Sud Australie
61%
Estrémadure Espagne
61%
Galápagos Equateur
57%
Uppsala Suède
57%
Kilimandjaro Tanzanie
57%
Thuringe Allemagne
55%
Zélande Pays-Bas
55%
Mato Grosso do Sul Brésil
52%
Turkestan Kazakhstan
45%
Mombasa Kenya
45%
Tataouine Tunisie
45%
Somali Ethiopie
43%
Haut-Katanga RD Congo
43%
Qom Iran
41%
Schaffhouse Suisse
41%
Kerala Inde
36%
Kilkenny Irlande
36%
Malacca Malaisie
36%
Poméranie-Occidentale Pologne
34%
Limpopo Afrique du Sud
32%
Guelmim-Oued Noun Maroc
30%
Vestland Norvège
27%
Timis Roumanie
27%
Antofagasta Chili
25%
Jujuy Argentine
23%
Bourgas Bulgarie
23%
Ambatosoa Madagascar
20%
Alajuela Costa Rica
18%
Antioquia Colombie
16%
Malatya Turquie
16%
Isabela Philippines
11%
Otago Nouvelle-Zélande
9%
Aucun quiz correspondant
Distribution des résultats
% des personnes avec chaque résultat
Percentile par nombre de réponses
Votre historique - résultats
Vous n’avez pas pris ce quiz